Kisah membunuh naga ; (Record no. 57799)

MARC details
000 -LEADER
fixed length control field 00556cam a22001931i 4500
001 - CONTROL NUMBER
control field sa 64003252
003 - CONTROL NUMBER IDENTIFIER
control field DLC
005 - DATE AND TIME OF LATEST TRANSACTION
control field 20260227112016.0
008 - FIXED-LENGTH DATA ELEMENTS--GENERAL INFORMATION
fixed length control field 830412s1963 io a 000 1 ind
010 ## - LIBRARY OF CONGRESS CONTROL NUMBER
LC control number sa 64003252
035 ## - SYSTEM CONTROL NUMBER
System control number (OCoLC)9399061
040 ## - CATALOGING SOURCE
Original cataloging agency DLC
Transcribing agency OAU
Modifying agency DLC
042 ## - AUTHENTICATION CODE
Authentication code premarc
050 00 - LIBRARY OF CONGRESS CALL NUMBER
Classification number PL5089.B6
Item number K5
100 1# - MAIN ENTRY--PERSONAL NAME
Personal name Boe, Beng Tjoe.
245 10 - TITLE STATEMENT
Title Kisah membunuh naga ;
Remainder of title (Ie thian to liong) /
Statement of responsibility, etc. ditjeritakan oleh Boe Beng Tjoe.
260 ## - PUBLICATION, DISTRIBUTION, ETC.
Place of publication, distribution, etc. Dakarta :
Name of publisher, distributor, etc. Mekar Djaja,
Date of publication, distribution, etc. 1963.
300 ## - PHYSICAL DESCRIPTION
Extent 22 pts. in 3 v. (1268 p.) :
Other physical details ill. ;
Dimensions 18 cm.

No items available.

Powered by Koha